Futbol y patria: ciudadanía y nación en le futuro argentino contemporáneo ( y en su televisión)
Este trabajo analiza la relación entre narrativas nacionales y cultura futbolística en Argentina contemporánea, en el marco de las llamadas sociedades neoconservadoras y globalizadas. Se postula que el soporte fundamental de esas narrativas son los medios de comunicación (especialmente la televisión...
Salvato in:
| Autore principale: | |
|---|---|
| Natura: | testo |
| Pubblicazione: |
Buenos Aires:
UBACYY. CONICET
|
| Soggetti: | |
| Tags: |
Aggiungi Tag
Nessun Tag, puoi essere il primo ad aggiungerne!!
|
MARC
| LEADER | 00000 a a2200000 04500 | ||
|---|---|---|---|
| 001 | 32824 | ||
| 003 | |||
| 040 | |||
| 090 | |a 204600 | ||
| 100 | |a Alabarces, Pablo | ||
| 245 | |a Futbol y patria: ciudadanía y nación en le futuro argentino contemporáneo ( y en su televisión) | ||
| 260 | |a Buenos Aires: |b UBACYY. CONICET | ||
| 300 | |a 11 p. | ||
| 520 | |a Este trabajo analiza la relación entre narrativas nacionales y cultura futbolística en Argentina contemporánea, en el marco de las llamadas sociedades neoconservadoras y globalizadas. Se postula que el soporte fundamental de esas narrativas son los medios de comunicación (especialmente la televisión), desarrollando una suerte de neo nacionalismo de mercado, que reemplaza al Estado como operador moderno de inclusión ciudadana | ||
| 650 | |a ARGENTINA | ||
| 650 | |a DEPORTES | ||
| 650 | |a NACION | ||
| 650 | |a DISCURSOS | ||
| 650 | |a IDEOLOGIAS | ||
| 650 | |a NACIONALISMO | ||
| 650 | |a MEDIOS DE COMUNICACION | ||
| 650 | |a INFLUENCIA SOCIAL | ||
| 650 | |a GLOBALIZACION | ||
| 650 | |a IDENTIDAD CULTURAL | ||
| 999 | |c 12858 |d 12858 | ||
